Score 0/30 Timer 03:00
1 Play Today
Clue Word % Correct
✦He'll pull a rabbit out of this: [With Rung 4] ___HAT
98.1%
Sticky, syrupy tree excretionSAP
96.8%
Spicy, or high in temperatureHOT
96.7%
It's just a ___ and a skip awayHOP
95.8%
A type of dance involving stomping and shoe clickingTAP
95.6%
✧This trusty rod is the source of his magic✧WAND
92.6%
✦He'll use this to cut a woman in half✦SAW
92.5%
✧What he may cast on you✧SPELL
92%
To communicate via phonesCALL
91.8%
 A building block of tissue or a prison CELL
91%
A wing of a hospitalWARD
90.7%
✧He'll pull a rabbit out of this: ___ [With Rung 7]✧TOP
90.2%
To accidentally allow liquids to escape their containersSPILL
90.2%
 To exchange goods for money SELL
89.9%
✦He'll make you pick one, any one✦CARD
89.8%
Clue Word % Correct
Miami NBA team nicknameHEAT
88.7%
A car might do this on a cold daySTALL
87.7%
 Rigid, motionless STILL
87.7%
One of three body parts for an insectHEAD
87.3%
To track someone else's routine creepishlySTALK
86.6%
 Sagan, Edwards, or Fredrickson, e.g.CARL
85.4%
A small, decorative component of a braceletBEAD
85.4%
'Blood Sugar Sex Magik' was performed by oneBAND
83.6%
A turning point, a curve or an archBEND
83.2%
A pile with one thing atop anotherSTACK
77.2%
 A small shed in relative isolation SHACK
73.3%
✦He probably has one of these up his sleeves✦TRICK
72.5%
It describes the skull of a stupid personTHICK
66.8%
 An offspring of the magician's doves? CHICK
46.2%
A small portion of food (mainly used in Scotland)CHACK
41.9%

Today's Daily Dose

Missing Word
'T' Pairs

Word Ladder
Game Pieces

Get the Picture
Baseball Movies

Remove Ads.
Support Sporcle.
Get the best of Sporcle when you Go Orange. This ad-free experience offers more features, more stats, and more fun while also helping to support Sporcle. Thank you for becoming a member.

You're not logged in!

Compare scores with friends on all Sporcle quizzes.
OR
Log In

Show Comments

Extras

Top Quizzes Today


Score Distribution

Your Account Isn't Verified!

In order to create a playlist on Sporcle, you need to verify the email address you used during registration. Go to your Sporcle Settings to finish the process.

Report this User

Report this user for behavior that violates our Community Guidelines.

Details: